<?xml version="1.0" encoding="UTF-8"?><?xml-stylesheet type="text/xsl" href="static/style.xsl"?><OAI-PMH xmlns="http://www.openarchives.org/OAI/2.0/" xmlns:xsi="http://www.w3.org/2001/XMLSchema-instance" xsi:schemaLocation="http://www.openarchives.org/OAI/2.0/ http://www.openarchives.org/OAI/2.0/OAI-PMH.xsd"><responseDate>2026-06-03T09:29:41Z</responseDate><request verb="GetRecord" identifier="oai:riuma.uma.es:10630/37420" metadataPrefix="marc">https://riuma.uma.es/rest/oai/request</request><GetRecord><record><header><identifier>oai:riuma.uma.es:10630/37420</identifier><datestamp>2026-02-03T10:56:37Z</datestamp><setSpec>com_10630_2254</setSpec><setSpec>col_10630_37953</setSpec></header><metadata><record xmlns="http://www.loc.gov/MARC21/slim" xmlns:dcterms="http://purl.org/dc/terms/" xmlns:doc="http://www.lyncode.com/xoai" xmlns:xsi="http://www.w3.org/2001/XMLSchema-instance" xsi:schemaLocation="http://www.loc.gov/MARC21/slim http://www.loc.gov/standards/marcxml/schema/MARC21slim.xsd">
   <leader>00925njm 22002777a 4500</leader>
   <datafield ind2=" " ind1=" " tag="042">
      <subfield code="a">dc</subfield>
   </datafield>
   <datafield ind2=" " ind1=" " tag="720">
      <subfield code="a">Fenech-Torres, Mario</subfield>
      <subfield code="e">author</subfield>
   </datafield>
   <datafield ind2=" " ind1=" " tag="720">
      <subfield code="a">Amaya, Iraida</subfield>
      <subfield code="e">author</subfield>
   </datafield>
   <datafield ind2=" " ind1=" " tag="720">
      <subfield code="a">Valpuesta-Fernández, Victoriano</subfield>
      <subfield code="e">author</subfield>
   </datafield>
   <datafield ind2=" " ind1=" " tag="720">
      <subfield code="a">Botella, Miguel Angel</subfield>
      <subfield code="e">author</subfield>
   </datafield>
   <datafield ind2=" " ind1=" " tag="260">
      <subfield code="c">2019-01-24</subfield>
   </datafield>
   <datafield ind2=" " ind1=" " tag="520">
      <subfield code="a">Throughout evolution, a number of animals including humans have lost the ability to&#xd;
synthesize ascorbic acid (ascorbate, vitamin C), an essential molecule in the physiology&#xd;
of animals and plants. In addition to its main role as an antioxidant and cofactor in redox&#xd;
reactions, recent reports have shown an important role of ascorbate in the activation of&#xd;
epigenetic mechanisms controlling cell differentiation, dysregulation of which can lead&#xd;
to the development of certain types of cancer. Although fruits and vegetables constitute&#xd;
the main source of ascorbate in the human diet, rising its content has not been a&#xd;
major breeding goal, despite the large inter- and intraspecific variation in ascorbate&#xd;
content in fruit crops. Nowadays, there is an increasing interest to boost ascorbate&#xd;
content, not only to improve fruit quality but also to generate crops with elevated&#xd;
stress tolerance. Several attempts to increase ascorbate in fruits have achieved fairly&#xd;
good results but, in some cases, detrimental effects in fruit development also occur,&#xd;
likely due to the interaction between the biosynthesis of ascorbate and components&#xd;
of the cell wall. Plants synthesize ascorbate de novo mainly through the Smirnoff-&#xd;
Wheeler pathway, the dominant pathway in photosynthetic tissues. Two intermediates&#xd;
of the Smirnoff-Wheeler pathway, GDP-D-mannose and GDP-L-galactose, are also&#xd;
precursors of the non-cellulosic components of the plant cell wall. Therefore, a better&#xd;
understanding of ascorbate biosynthesis and regulation is essential for generation of&#xd;
improved fruits without developmental side effects. This is likely to involve a yet unknown&#xd;
tight regulation enabling plant growth and development, without impairing the cell redox&#xd;
state modulated by ascorbate pool. In certain fruits and developmental conditions, an&#xd;
alternative pathway from D-galacturonate might be also relevant.</subfield>
   </datafield>
   <datafield ind1="8" ind2=" " tag="024">
      <subfield code="a">Fenech M, Amaya I, Valpuesta V and Botella MA (2019) Vitamin C Content in Fruits: Biosynthesis and Regulation. Front. Plant Sci. 9:2006. doi: 10.3389/fpls.2018.02006</subfield>
   </datafield>
   <datafield ind1="8" ind2=" " tag="024">
      <subfield code="a">https://hdl.handle.net/10630/37420</subfield>
   </datafield>
   <datafield ind1="8" ind2=" " tag="024">
      <subfield code="a">10.3389/fpls.2018.02006</subfield>
   </datafield>
   <datafield tag="653" ind2=" " ind1=" ">
      <subfield code="a">Vitamina C</subfield>
   </datafield>
   <datafield ind2="0" ind1="0" tag="245">
      <subfield code="a">Vitamin C content in fruits: Biosynthesis and regulation</subfield>
   </datafield>
</record>
</metadata></record></GetRecord></OAI-PMH>